Guía del Archivo Histórico Universitario / (Record no. 141076)

MARC details
000 -LEADER
campo de control de longitud fija 00989nam a2200253 i 4500
001 - NÚMERO DE CONTROL
campo de control 141076
003 - IDENTIFICADOR DE NÚMERO DE CONTROL
campo de control ES-MaACL
005 - FECHA Y HORA DE LA ÚLTIMA TRANSACCIÓN
campo de control 20231218202822.0
007 - CAMPO FIJO DE DESCRIPCIÓN FÍSICA--INFORMACIÓN GENERAL
campo de control de longitud fija t|
008 - DATOS DE LONGITUD FIJA--INFORMACIÓN GENERAL
campo de control de longitud fija 070919s1971 sp ||||1| spa d
080 ## - NÚMERO DE LA CLASIFICACIÓN DECIMAL UNIVERSAL
Número de la Clasificación Decimal Universal 930.253.1(460.353 S)Arch. Hist. Univ.
100 1# - ENTRADA PRINCIPAL--NOMBRE DE PERSONA
Nombre de persona Ysasi-Ysasmendi, Julia.
9 (RLIN) 117718
245 10 - MENCIÓN DEL TÍTULO
Título Guía del Archivo Histórico Universitario /
Mención de responsabilidad, etc. publicado por Julia Ysasi-Ysasmendi, Julia Herráez Sánchez de Escariche.
260 ## - PUBLICACIÓN, DISTRIBUCIÓN, ETC.
Lugar de publicación, distribución, etc. Sevilla :
Nombre del editor, distribuidor, etc. [Universidad de Sevilla],
Fecha de publicación, distribución, etc. 1971.
300 ## - DESCRIPCIÓN FÍSICA
Extensión 176 p. :
Otras características físicas il. ;
Dimensiones 24 cm.
490 1# - MENCIÓN DE SERIE
Mención de serie Anales de la Universidad Hispalense ;
Designación de volumen o secuencia 7. Filosofía y Letras
610 24 - PUNTO DE ACCESO ADICIONAL DE MATERIA--NOMBRE DE ENTIDAD CORPORATIVA
Nombre de entidad corporativa o nombre de jurisdicción como elemento de entrada Universidad de Sevilla.
Unidad subordinada Archivo Histórico.
9 (RLIN) 7302
700 1# - ENTRADA AGREGADA--NOMBRE PERSONAL
Nombre de persona Herráez Sánchez de Escariche, Julia,
Fechas asociadas al nombre 1904-
9 (RLIN) 63142
710 2# - ENTRADA AGREGADA--NOMBRE DE ENTIDAD CORPORATIVA
Nombre de entidad corporativa o nombre de jurisdicción como elemento de entrada Universidad de Sevilla.
9 (RLIN) 7301
830 1# - PUNTO DE ACCESO ADICIONAL DE SERIE-TÍTULO UNIFORME
Título uniforme Anales de la Universidad Hispalense ;
Designación de volumen o secuencia 7. Filosofía y Letras
9 (RLIN) 187329
852 4# - LOCALIZACIÓN
Ubicación ES-MaACL
Número de control de estantería C-41281
852 4# - LOCALIZACIÓN
Ubicación ES-MaACL
Número de control de estantería C-55557
Holdings
Estatus retirado Estado de pérdida Estado de daño No para préstamo Biblioteca de origen Biblioteca actual Ubicación en estantería Fecha de adquisición Fuente de adquisición Total de préstamos Signatura topográfica completa Código de barras Visto por última vez Precio de reemplazo Tipo de ítem Koha
        Biblioteca del Ateneo de Madrid Biblioteca del Ateneo de Madrid Depósito 2 17/01/2008     C-55557 1146796 23/02/2023 23/02/2023 Libro impreso
        Biblioteca del Ateneo de Madrid Biblioteca del Ateneo de Madrid Depósito 2 17/01/2008     C-41281 1146795 23/02/2023 23/02/2023 Libro impreso